|
|
|
|
| LEADER |
00000nam a22000007a 4500 |
| 005 |
20210503213414.0 |
| 007 |
cr|||| ||| |
| 008 |
210503s2017 co |||||s|||| 00||0 spa d |
| 020 |
|
|
|a 978-958-665-429-6
|
| 035 |
|
|
|a 33225
|
| 040 |
|
|
|a vLex
|
| 090 |
|
|
|c 11588
|d 11588
|
| 100 |
1 |
|
|a Gatti, Gabriel
|
| 245 |
1 |
0 |
|a Desapariciones
|h [Recurso electrn̤ico] :
|b Usos locales, circulaciones globales /
|c Gabriel Gatti
|
| 256 |
|
|
|a Servicio en ln̕ea
|
| 260 |
|
|
|a Bogot:̀
|b Siglo del Hombre Editores,
|c 2017
|
| 300 |
|
|
|a 1 recurso electrn̤ico
|
| 500 |
|
|
|a Estǹ por todas partes. Cuando hablamos de Argentina, Chile o Uruguay en los setenta, Mx̌ico o Colombia hoy, o si miramos atrs̀ en el tiempo y pensamos en la Guerra Civil Espaǫla, la Alemania nazi, La Argelia colonial o la Bosnia en guerra. Tambiň cuando reflexionamos sobre un Mediterrǹeo convertido en fosa para miles de desplazados, fugados o sujetos sin nombre. Los trece textos de este volumen trabajan sobre la categora̕ de -desaparicin̤-. La desnaturalizan y le retiran su capa de obviedades. Atienden a cm̤o el tiempo la transforma o la pervierte, a cm̤o hace que los que se la apropian se muevan y a cm̤o crea comunidades imposibles de dolientes, de muertos en vida.
|
| 506 |
1 |
|
|a Disponible solo en los productos indicados
|d vLex Global
|d vLex Global (Academic Edition, excluding Law Schools)
|d vLex Global (U.S. Academic Edition, Law Schools)
|d vLex Global (U.S. Academic Edition, excluding Law Schools)
|d vLex Global (Academic Edition, Law Schools)
|
| 650 |
0 |
4 |
|a Ciencias sociales
|z Colombia
|
| 650 |
0 |
4 |
|a Humanidades
|z Colombia
|
| 740 |
0 |
|
|a vLex Libros (Servicio en ln̕ea)
|
| 856 |
4 |
0 |
|u https://vlex.com/source/desapariciones-usos-locales-circulaciones-globales-33225
|z Acceso restringido
|
| 942 |
|
|
|c BOOK
|
| 999 |
0 |
|
|a Social Sciences
|
| 999 |
0 |
|
|a Humanities
|